00277nam a2200121Ia 4500008004100000100001500041245003200056260002100088300001000109650001200119942000700131999001700138190216s9999||||xx |||||||||||||| ||und|| aIttiavirah 0aGeneral And Thermal Physics bArasmi Pubc1992 a07/15 aPhysics cBK c33240d33240